000 00485nam a2200193Ia 4500
005 20240823012327.0
008 240823s9999||||xx |||||||||||||| ||und||
020 _a81-7808-767-7
041 _aENGLISH
082 _A005.1 P2
100 _a"Futrell,Robert T [et al]"
245 0 _aQuality Software Project management
250 _a1st
260 _c2002
_b"Pearson Education,"
500 _aYES
650 _aSoftware
_bInformation Technology
942 _cBK
999 _c164083
_d164083